| 000 | 02130cgm a22004818i 4500 | ||
|---|---|---|---|
| 005 | 20251209120615.0 | ||
| 007 | vd cvaizk | ||
| 008 | 210210s2021 000 ## v eng d | ||
| 024 | _a883929735860 (videorecording) | ||
| 040 |
_aCTMMLL _beng _erda _cCTMMLL |
||
| 082 | 0 | 4 |
_a[Fic] _223 |
| 092 | _bDVD | ||
| 245 | 0 | 0 |
_aLongmire. The complete series _h[videorecording] / |
| 264 | 2 |
_aOld Saybrook, Connecticut : _bwww.micromarketing.org |
|
| 264 | 1 |
_a[United States] : _b[Warner Home Video], developed for television by Hunt Baldwin and John Coveny. _c[2021] |
|
| 264 | 2 |
_aOld Saybrook, Connecticut : _bwww.micromarketing.org _c2021 |
|
| 300 |
_a[15 videodisc2 (approximately 3780 minutes)?] : _bsound, color; _c4 3/4 in. |
||
| 336 | _atwo-dimensional moving image | ||
| 337 | _avideo | ||
| 338 | _avideodisc | ||
| 500 | _a[Typographic symbols and accents removed for systems compatibility.] | ||
| 511 | 1 | _aRobert Taylor, Katee Sackhoff, Lou Diamond Phillips. | |
| 520 | _aBased on the books by Craig Johnson, Sheriff Walt Longmire and others, solve mysteries while fighting crime in modern day Wyoming. | ||
| 521 | 8 | _aRating: [TBD]. | |
| 538 | _aDVD, color, [widescreen?], NTSC. | ||
| 546 | _aEnglish audio. | ||
| 650 | 0 |
_aSheriffs _zWyoming _vDrama. _96400769 |
|
| 650 | 0 |
_aInterpersonal relationships _vDrama. _96413368 |
|
| 650 | 0 |
_aMurder _xInvestigation _vDrama. _95675811 |
|
| 650 | 0 |
_aAction and adventure films. _978765 |
|
| 655 | 7 |
_aTelevision crime shows. _2lcgft. _95706353 |
|
| 655 | 7 |
_aTelevision series. _2lcgft |
|
| 655 | 7 |
_aFiction television programs. _95673656 |
|
| 700 | 1 |
_aTaylor, Robert, _d1963- _eactor. _95746011 |
|
| 700 | 1 |
_aSackhoff, Katee, _eactor. _973183 |
|
| 700 | 1 |
_aPhillips, Lou Diamond, _d1962- _eactor. _963462 |
|
| 700 | 1 |
_aJohnson, Craig, _d1961- _tWalt Longmire mystery ; _95681335 |
|
| 710 | 2 |
_aWarner Bros. Entertainment. _952548 |
|
| 710 | 2 |
_aWarner Home Video (Firm) _efilm distributor. _961103 |
|
| 730 | 0 |
_aLongmire (Television program) _96273617 |
|
| 942 |
_2ddc _cDVDSERIES |
||
| 949 | _nwww.MicroMarketing.org 800-229-9887 | ||
| 999 |
_c360366 _d360366 |
||